000 00420nam a2200157Ia 4500
008 240729s9999 xx 000 0 und d
022 _a2090-6471
245 0 _aCase Reports in Dermatological Medicine
260 _aUnited Kingdom
260 _bHindawi Limited
650 _a Dermatology
650 _aMedicine
856 _uhttps://doaj.org/toc/4dd4e99156184d90b1e6ce29e5f1662c
942 _2ddc
942 _cDOAJEJ
999 _c71672
_d71672
945 _a1
_bMadushi Gamage
_c1
_dMadushi Gamage